| 000 | 02142nam a2200445Ii 4500 | ||
|---|---|---|---|
| 001 | DIGUDROS0291 | ||
| 003 | NyNyDIG | ||
| 008 | 171003s2015 ck ob 000 0 spa d | ||
| 006 | m o d | ||
| 007 | cr ||||||||||| | ||
| 035 | _a(OCoLC)968732459 | ||
| 040 |
_aDGITA _beng _erda _epn _cDGITA |
||
| 020 |
_a9789587386240 _q(eBook ; _qpdf) |
||
| 020 |
_a9587386248 _q(eBook ; _qpdf) |
||
| 020 |
_z9789587386233 _q(rústica) |
||
| 020 |
_z958738623X _q(rústica) |
||
| 043 | _acl----- | ||
| 050 | 1 | 4 | _aKG46 eBook |
| 082 | 0 | 4 | _a340.07118 |
| 100 | 1 |
_aLondoño Toro, Beatriz, _eauthor. |
|
| 245 | 1 | 0 |
_aEducación legal clínica y litigio estratégico en Iberoamérica / _cBeatriz Londoño Toro. |
| 264 | 1 |
_aBogotá, D.C. : _bEditorial Universidad del Rosario, _c[2015] |
|
| 300 | _a1 online resource. | ||
| 336 |
_atext _btxt _2rdacontent |
||
| 337 |
_acomputer _bc _2rdamedia |
||
| 338 |
_aonline resource _bcr _2rdacarrier |
||
| 490 | 1 | _aColección Textos de jurisprudencia | |
| 504 | _aIncludes bibliographical references. | ||
| 505 | 0 | _aReflexiones en torno a la pregunta por la educación legal clínica y su enfoque de interés público -- Educación jurídica en Iberoamérica y educación legal clínica -- Posibilidades de ejercicio del litigo estratégico desde las clínicas jurídicas en Iberoamérica -- Aportes para la agenda pendiente de la educación legal clínica y el litigio estratégico en Iberoamérica. | |
| 588 | 0 | _aOnline resource; title from PDF title page (Digitalia, viewed October 5, 2017) | |
| 650 | 0 |
_aLaw _xStudy and teaching _zLatin America. |
|
| 655 | 0 | _aElectronic books. | |
| 791 | 2 |
_aDigitalia (Firm), _edistributor. |
|
| 793 | 0 |
_gDigitalia eBook Collection: _aUniversidad del Rosario |
|
| 776 | 0 | 8 |
_iPrint version: _aLondoño Toro, Beatriz. _tEducación legal clínica y litigio estratégico en Iberoamérica. _dBogotá : Editorial Universidad del Rosario, 2015 _z9789587386233 _w(OCoLC)932860464 |
| 830 | 0 | _aColección Textos de jurisprudencia. | |
| 856 | 4 | 0 |
_3Digitalia Hispánica _uhttps://www.digitaliapublishing.com/a/46526/ |
| 910 | _aPremium collection: 2017 | ||
| 942 | _cRAA | ||
| 999 |
_c249732 _d249732 |
||